| 000 | 01222cam a22002774a 4500 | ||
|---|---|---|---|
| 999 |
_c7601 _d7601 |
||
| 003 | OSt | ||
| 005 | 20200316164548.0 | ||
| 008 | 070918s2008 mnua b s001 0 eng | ||
| 020 | _a9780816651146 (pbk. : alk. paper) | ||
| 020 | _a0816651140 (pbk. : alk. paper) | ||
| 082 | 0 | 0 |
_a725.51 _222 _bADA |
| 100 | 1 | _aAdams, Annmarie. | |
| 245 | 1 | 0 |
_aMedicine by design : _bthe architect and the modern hospital, 1893-1943 / _cAnnmarie Adams. |
| 260 |
_aMinneapolis : _bUniversity of Minnesota Press, _cc2008. |
||
| 300 |
_axxv, 169 p. : _bill. ; _c26 cm. |
||
| 440 | 0 | _aArchitecture, landscape, and American culture series | |
| 500 | _aChapters previously published in various books and journals. | ||
| 504 | _aIncludes bibliographical references (p. [147]-159) and index. | ||
| 505 | 0 | _a1893 -- Patients -- Nurses -- Architects and doctors -- Modernisms. | |
| 650 | 0 |
_aHospital architecture _zNorth America _xHistory. |
|
| 650 | 0 |
_aHospital buildings _zNorth America _xDesign and construction _xHistory. |
|
| 650 | 1 | 2 |
_aHospital Design and Construction _xtrends _zCanada _vCollected Works. |
| 650 | 2 | 2 |
_aHistory, 19th Century _zCanada _vCollected Works. |
| 650 | 2 | 2 |
_aHistory, 20th Century _zCanada _vCollected Works. |
| 942 | _2ddc | ||